| Tag |
First Indicator |
Second Indicator |
Subfields |
| LEADER |
00000cam a2200000 a 4500 |
| 001 |
in00001478049 |
| 005 |
20151021062357.0 |
| 008 |
980402s1998 enkab b 001 0 eng |
| 010 |
|
|
|a 98019829
|
| 020 |
|
|
|a 019866222X (alk. paper)
|
| 035 |
|
|
|a (OCoLC)38930633
|
| 035 |
|
|
|9 AJG1428AM
|
| 040 |
|
|
|a DLC
|c DLC
|d TXA
|d UtOrBLW
|
| 043 |
|
|
|a e-uk---
|a e-uk-st
|a e-ie---
|
| 049 |
|
|
|a TXAM
|
| 050 |
0 |
0 |
|a DA405
|b .C58 1998
|
| 082 |
0 |
0 |
|a 941.06
|2 21
|
| 245 |
0 |
4 |
|a The civil wars :
|b a military history of England, Scotland, and Ireland 1638-1660 /
|c edited by John Kenyon and Jane Ohlmeyer ; consultant editor, John Morrill.
|
| 264 |
|
1 |
|a Oxford ;
|a New York :
|b Oxford University Press,
|c 1998.
|
| 300 |
|
|
|a xxiv, 391 pages :
|b illustrations, maps ;
|c 25 cm.
|
| 336 |
|
|
|a text
|b txt
|2 rdacontent
|
| 337 |
|
|
|a unmediated
|b n
|2 rdamedia
|
| 338 |
|
|
|a volume
|b nc
|2 rdacarrier
|
| 504 |
|
|
|a Includes bibliographical references (pages 345-352) and index.
|
| 651 |
|
0 |
|a Great Britain
|x History
|y Puritan Revolution, 1642-1660.
|
| 651 |
|
0 |
|a Great Britain
|x History
|y Civil War, 1642-1649.
|
| 651 |
|
0 |
|a Great Britain
|x History, Military
|y 1603-1714.
|
| 651 |
|
0 |
|a Scotland
|x History
|y 17th century.
|
| 651 |
|
0 |
|a Ireland
|x History
|y 17th century.
|
| 651 |
|
0 |
|a Scotland
|x History, Military.
|
| 651 |
|
0 |
|a Ireland
|x History, Military.
|
| 700 |
1 |
|
|a Kenyon, J. P.
|q (John Philipps),
|d 1927-
|
| 700 |
1 |
|
|a Ohlmeyer, Jane H.
|
| 700 |
1 |
|
|a Morrill, J. S.
|q (John Stephen)
|
| 948 |
|
|
|a c:jh
|
| 999 |
|
|
|a MARS
|
| 999 |
f |
f |
|s ed7f3ad5-7b22-3667-b7ef-f126955df6c6
|i 2f4937b3-3627-36a4-a1a0-61ed9e665faa
|t 0
|
| 952 |
f |
f |
|p normal
|a Texas A&M University
|b College Station
|c Sterling C. Evans Library
|d Evans: Library Stacks
|t 0
|e DA405 .C58 1998
|h Library of Congress classification
|i unmediated -- volume
|m A14824158246
|
| 998 |
f |
f |
|a DA405 .C58 1998
|t 0
|l Evans: Library Stacks
|